[Event "European Club Cup"]
[Site "chess24.com"]
[Date "2018.10.18"]
[Round "7"]
[White "Willemze, Thomas"]
[Black "Salomon, Johan"]
[Result "1-0"]
[Board "2"]
[WhiteElo "2408"]
[WhiteTitle "IM"]
[WhiteCountry "NED"]
[WhiteFideId "1007238"]
[WhiteEloChange "6"]
[BlackElo "2477"]
[BlackTitle "GM"]
[BlackCountry "NOR"]
[BlackFideId "1509500"]
[BlackEloChange "-6"]

1. e4 {[%clk 1:30:56]} e5 {[%clk 1:29:52]} 2. Nf3 {[%clk 1:31:19]} Nc6 {[%clk
1:30:14]} 3. Bc4 {[%clk 1:31:43]} Bc5 {[%clk 1:30:40]} 4. d3 {[%clk 1:32:05]} Nf6
{[%clk 1:30:49]} 5. c3 {[%clk 1:32:21]} d6 {[%clk 1:31:18]} 6. Bb3 {[%clk
1:32:29]} a5 {[%clk 1:30:42]} 7. h3 {[%clk 1:32:20]} h6 {[%clk 1:29:16]} 8. Nbd2
{[%clk 1:32:15]} Be6 {[%clk 1:29:40]} 9. Ba4 {[%clk 1:32:00]} O-O {[%clk
1:27:31]} 10. Nf1 {[%clk 1:23:46]} Rb8 {[%clk 1:13:01]} 11. Bxc6 {[%clk 1:04:03]}
bxc6 {[%clk 1:13:27]} 12. g4 {[%clk 1:03:42]} d5 {[%clk 1:03:42]} 13. Qe2 {[%clk
0:57:14]} dxe4 {[%clk 0:59:55]} 14. dxe4 {[%clk 0:57:28]} Nd7 {[%clk 0:53:48]}
15. Ng3 {[%clk 0:52:59]} f6 {[%clk 0:49:38]} 16. O-O {[%clk 0:53:00]} Qe7 {[%clk
0:37:51]} 17. b3 {[%clk 0:35:15]} Nb6 {[%clk 0:33:19]} 18. Nh4 {[%clk 0:32:30]}
Qf7 {[%clk 0:24:31]} 19. Nhf5 {[%clk 0:32:08]} Kh7 {[%clk 0:24:12]} 20. Be3
{[%clk 0:29:57]} Bxe3 {[%clk 0:24:16]} 21. Qxe3 {[%clk 0:27:10]} Rfd8 {[%clk
0:23:04]} 22. Rfd1 {[%clk 0:27:12]} Qf8 {[%clk 0:22:47]} 23. Qf3 {[%clk 0:25:17]}
g6 {[%clk 0:20:18]} 24. Rxd8 {[%clk 0:21:20]} Rxd8 {[%clk 0:20:16]} 25. Ne3
{[%clk 0:21:11]} Nc8 {[%clk 0:16:57]} 26. h4 {[%clk 0:20:46]} Nd6 {[%clk
0:14:37]} 27. c4 {[%clk 0:19:52]} Nb7 {[%clk 0:13:57]} 28. h5 {[%clk 0:17:19]} g5
{[%clk 0:14:25]} 29. Rd1 {[%clk 0:17:38]} Nc5 {[%clk 0:14:20]} 30. Qe2 {[%clk
0:14:10]} Bc8 {[%clk 0:13:18]} 31. Qe1 {[%clk 0:13:30]} Rxd1 {[%clk 0:12:54]} 32.
Qxd1 {[%clk 0:13:13]} Ne6 {[%clk 0:12:23]} 33. Ngf5 {[%clk 0:11:54]} Qb4 {[%clk
0:09:07]} 34. Nc2 {[%clk 0:10:22]} Qf8 {[%clk 0:08:24]} 35. Qd2 {[%clk 0:09:31]}
c5 {[%clk 0:06:11]} 36. Nce3 {[%clk 0:08:51]} Qd8 {[%clk 0:02:32]} 37. Qxd8
{[%clk 0:07:52]} Nxd8 {[%clk 0:03:01]} 38. Nd5 {[%clk 0:07:19]} Bxf5 {[%clk
0:03:24]} 39. exf5 {[%clk 0:05:30]} Kg7 {[%clk 0:03:48]} 40. Nxc7 {[%clk
0:35:46]} Kf7 {[%clk 0:34:03]} 41. Kg2 {[%clk 0:29:53]} e4 {[%clk 0:32:30]} 42.
f3 {[%clk 0:29:15]} exf3+ {[%clk 0:32:34]} 43. Kxf3 {[%clk 0:29:43]} Nc6 {[%clk
0:32:54]} 44. Ne6 {[%clk 0:28:33]} Ne5+ {[%clk 0:33:19]} 45. Ke4 {[%clk 0:28:37]}
Nxg4 {[%clk 0:33:43]} 46. Nxc5 {[%clk 0:28:57]} Ke7 {[%clk 0:27:53]} 47. Nd3
{[%clk 0:27:15]} Nh2 {[%clk 0:27:31]} 48. c5 {[%clk 0:26:52]} Nf1 {[%clk
0:27:51]} 49. a3 {[%clk 0:14:59]} Ng3+ {[%clk 0:16:39]} 50. Kd5 {[%clk 0:15:23]}
Nxf5 {[%clk 0:13:58]} 51. b4 {[%clk 0:15:42]} axb4 {[%clk 0:11:29]} 52. axb4
{[%clk 0:16:10]} Ne3+ {[%clk 0:10:28]} 53. Kc6 {[%clk 0:10:57]} Nc2 {[%clk
0:08:49]} 54. Kb7 {[%clk 0:10:31]} g4 {[%clk 0:07:31]} 55. c6 {[%clk 0:10:53]} g3
{[%clk 0:07:41]} 56. c7 {[%clk 0:08:13]} g2 {[%clk 0:08:07]} 57. c8Q {[%clk
0:08:38]} g1Q {[%clk 0:08:34]} 58. Qxc2 {[%clk 0:08:23]} Qh1+ {[%clk 0:08:57]}
59. Qc6 {[%clk 0:08:21]} Qxh5 {[%clk 0:09:23]} 60. Nf4 {[%clk 0:08:12]} Qf5
{[%clk 0:09:14]} 61. Qc7+ {[%clk 0:08:32]} 1-0

[Event "European Club Cup"]
[Site "chess24.com"]
[Date "2018.10.18"]
[Round "7"]
[White "Van der Heijden, Ton"]
[Black "Haug, Johannes"]
[Result "1/2-1/2"]
[Board "4"]
[WhiteElo "2300"]
[WhiteCountry "NED"]
[WhiteFideId "1006045"]
[WhiteEloChange "3"]
[BlackElo "2391"]
[BlackTitle "FM"]
[BlackCountry "NOR"]
[BlackFideId "1509268"]
[BlackEloChange "-3"]

1. d4 {[%clk 1:31:00]} Nf6 {[%clk 1:28:31]} 2. c4 {[%clk 1:31:13]} e6 {[%clk
1:29:00]} 3. Nf3 {[%clk 1:31:18]} b6 {[%clk 1:29:21]} 4. Nc3 {[%clk 1:31:29]} Bb7
{[%clk 1:29:35]} 5. Bg5 {[%clk 1:31:34]} h6 {[%clk 1:29:44]} 6. Bh4 {[%clk
1:31:45]} g5 {[%clk 1:29:54]} 7. Bg3 {[%clk 1:32:09]} Nh5 {[%clk 1:30:20]} 8. e3
{[%clk 1:32:20]} Nxg3 {[%clk 1:30:38]} 9. hxg3 {[%clk 1:32:35]} Bg7 {[%clk
1:30:04]} 10. g4 {[%clk 1:23:26]} Nc6 {[%clk 1:30:10]} 11. Bd3 {[%clk 1:23:35]}
Qe7 {[%clk 1:29:59]} 12. a3 {[%clk 1:21:10]} O-O-O {[%clk 1:28:14]} 13. Qc2
{[%clk 1:20:38]} h5 {[%clk 1:26:15]} 14. d5 {[%clk 1:06:38]} Ne5 {[%clk 1:06:41]}
15. gxh5 {[%clk 0:48:09]} Nxf3+ {[%clk 0:57:28]} 16. gxf3 {[%clk 0:48:37]} Bxc3+
{[%clk 0:54:46]} 17. Qxc3 {[%clk 0:48:38]} exd5 {[%clk 0:55:09]} 18. cxd5 {[%clk
0:48:18]} Bxd5 {[%clk 0:55:10]} 19. Rc1 {[%clk 0:47:45]} c5 {[%clk 0:52:38]} 20.
Ke2 {[%clk 0:46:14]} Kb8 {[%clk 0:48:15]} 21. b4 {[%clk 0:40:01]} g4 {[%clk
0:34:30]} 22. fxg4 {[%clk 0:33:32]} Bxh1 {[%clk 0:32:45]} 23. Rxh1 {[%clk
0:33:53]} Rc8 {[%clk 0:24:20]} 24. Bf5 {[%clk 0:24:53]} Rh6 {[%clk 0:17:01]} 25.
Qg7 {[%clk 0:24:54]} Rhh8 {[%clk 0:07:29]} 26. Rd1 {[%clk 0:21:34]} Rhd8 {[%clk
0:03:54]} 27. bxc5 {[%clk 0:14:39]} bxc5 {[%clk 0:01:30]} 28. h6 {[%clk 0:11:45]}
c4 {[%clk 0:01:07]} 29. h7 {[%clk 0:10:17]} a6 {[%clk 0:00:39]} 30. h8Q {[%clk
0:09:17]} Rxh8 {[%clk 0:00:35]} 31. Rxd7 {[%clk 0:09:42]} Qc5 {[%clk 0:00:40]}
32. Be4 {[%clk 0:09:51]} Qb5 {[%clk 0:00:38]} 33. Qxf7 {[%clk 0:10:02]} c3+
{[%clk 0:00:34]} 34. Ke1 {[%clk 0:10:05]} Rh1+ {[%clk 0:00:33]} 35. Bxh1 {[%clk
0:10:33]} Qb1+ {[%clk 0:00:45]} 36. Ke2 {[%clk 0:06:09]} Qb2+ {[%clk 0:00:36]}
37. Kf1 {[%clk 0:06:16]} Qb5+ {[%clk 0:00:39]} 38. Kg1 {[%clk 0:06:18]} Qb1+
{[%clk 0:00:44]} 39. Kg2 {[%clk 0:05:59]} Qe4+ {[%clk 0:01:03]} 40. f3 {[%clk
0:36:19]} Qb1 {[%clk 0:30:32]} 41. Qd5 {[%clk 0:33:45]} Qb6 {[%clk 0:28:33]} 42.
Rd6 {[%clk 0:30:37]} Qb2+ {[%clk 0:19:19]} 43. Kg3 {[%clk 0:30:50]} c2 {[%clk
0:19:14]} 44. f4 {[%clk 0:24:40]} c1Q {[%clk 0:18:35]} 45. Qa8+ {[%clk 0:25:01]}
Kc7 {[%clk 0:19:00]} 46. Rc6+ {[%clk 0:25:25]} Qxc6 {[%clk 0:19:10]} 47. Qxc6+
{[%clk 0:25:50]} Kb8 {[%clk 0:18:22]} 48. Qa8+ {[%clk 0:24:34]} Kc7 {[%clk
0:18:31]} 49. Qxa6 {[%clk 0:22:41]} Qc1 {[%clk 0:15:02]} 50. Qa7+ {[%clk
0:19:48]} Kd8 {[%clk 0:14:40]} 51. Qd4+ {[%clk 0:20:06]} Ke7 {[%clk 0:15:01]} 52.
Qe5+ {[%clk 0:19:12]} Kd7 {[%clk 0:15:13]} 53. Qd5+ {[%clk 0:14:55]} Ke7 {[%clk
0:14:57]} 54. Qe5+ {[%clk 0:15:10]} Kd7 {[%clk 0:15:22]} 55. Qd5+ {[%clk
0:15:12]} 1/2-1/2

[Event "European Club Cup"]
[Site "chess24.com"]
[Date "2018.10.18"]
[Round "7"]
[White "Andonovski, Ljubisa"]
[Black "Guha, Chirag"]
[Result "1-0"]
[Board "6"]
[WhiteElo "2287"]
[WhiteTitle "FM"]
[WhiteCountry "MKD"]
[WhiteFideId "15000427"]
[WhiteEloChange "2"]
[BlackElo "1849"]
[BlackCountry "WLS"]
[BlackFideId "1802968"]
[BlackEloChange "-2"]

1. d4 {[%clk 1:30:53]} d5 {[%clk 1:30:41]} 2. c4 {[%clk 1:30:56]} e6 {[%clk
1:31:04]} 3. Nf3 {[%clk 1:31:05]} Nf6 {[%clk 1:31:27]} 4. g3 {[%clk 1:31:10]}
dxc4 {[%clk 1:30:48]} 5. Bg2 {[%clk 1:31:19]} Nc6 {[%clk 1:29:56]} 6. O-O {[%clk
1:30:46]} Rb8 {[%clk 1:29:43]} 7. e3 {[%clk 1:29:56]} a6 {[%clk 1:20:41]} 8. Qe2
{[%clk 1:29:25]} b5 {[%clk 1:20:06]} 9. b3 {[%clk 1:29:18]} cxb3 {[%clk 1:19:59]}
10. axb3 {[%clk 1:29:32]} Be7 {[%clk 1:15:56]} 11. Bd2 {[%clk 1:27:50]} O-O
{[%clk 1:13:54]} 12. Rc1 {[%clk 1:27:00]} Bb7 {[%clk 1:13:07]} 13. Ne1 {[%clk
1:25:59]} Qd7 {[%clk 1:06:56]} 14. Nd3 {[%clk 1:24:01]} Bd6 {[%clk 1:01:44]} 15.
Nc3 {[%clk 1:07:05]} Rfe8 {[%clk 0:54:49]} 16. f4 {[%clk 0:54:01]} Nd5 {[%clk
0:32:23]} 17. Ne4 {[%clk 0:53:25]} f6 {[%clk 0:28:04]} 18. Nec5 {[%clk 0:51:49]}
Bxc5 {[%clk 0:25:08]} 19. Nxc5 {[%clk 0:51:30]} Qd6 {[%clk 0:24:05]} 20. Qf1
{[%clk 0:24:50]} Bc8 {[%clk 0:21:25]} 21. Nxa6 {[%clk 0:17:33]} Rb6 {[%clk
0:21:40]} 22. Nc5 {[%clk 0:17:40]} e5 {[%clk 0:21:32]} 23. e4 {[%clk 0:17:09]}
Nde7 {[%clk 0:08:55]} 24. d5 {[%clk 0:17:12]} Nd4 {[%clk 0:08:20]} 25. Be3 {[%clk
0:16:48]} c6 {[%clk 0:08:18]} 26. Bxd4 {[%clk 0:07:18]} exd4 {[%clk 0:08:38]} 27.
Qd3 {[%clk 0:03:47]} cxd5 {[%clk 0:08:43]} 28. Qxd4 {[%clk 0:03:58]} dxe4 {[%clk
0:08:04]} 29. Qxd6 {[%clk 0:04:09]} Rxd6 {[%clk 0:08:26]} 30. Nxe4 {[%clk
0:04:32]} Rd4 {[%clk 0:07:40]} 31. Ra7 {[%clk 0:02:13]} Bf5 {[%clk 0:05:50]} 32.
Nf2 {[%clk 0:02:11]} Nc8 {[%clk 0:02:20]} 33. Ra8 {[%clk 0:01:07]} Nd6 {[%clk
0:01:40]} 34. Rxe8+ {[%clk 0:01:05]} Nxe8 {[%clk 0:01:57]} 35. Rc5 {[%clk
0:01:17]} Nd6 {[%clk 0:01:15]} 36. Rd5 {[%clk 0:00:45]} Rxd5 {[%clk 0:01:15]} 37.
Bxd5+ {[%clk 0:01:13]} Kf8 {[%clk 0:01:36]} 38. b4 {[%clk 0:01:31]} Ke7 {[%clk
0:01:15]} 39. Nd1 {[%clk 0:01:14]} Be6 {[%clk 0:01:12]} 40. Bc6 {[%clk 0:31:24]}
Bd7 {[%clk 0:31:17]} 41. Bf3 {[%clk 0:28:20]} Nc4 {[%clk 0:28:47]} 42. Nc3 {[%clk
0:26:52]} Nd6 {[%clk 0:21:53]} 43. Kf2 {[%clk 0:24:41]} Kd8 {[%clk 0:11:39]} 44.
Be2 {[%clk 0:23:15]} Bc6 {[%clk 0:11:29]} 45. Bd3 {[%clk 0:23:26]} h6 {[%clk
0:09:58]} 46. Ke3 {[%clk 0:23:40]} Kd7 {[%clk 0:08:50]} 47. Kd4 {[%clk 0:23:47]}
Kc7 {[%clk 0:09:10]} 48. Nd5+ {[%clk 0:20:49]} Kd7 {[%clk 0:08:14]} 49. Be2
{[%clk 0:18:52]} Bxd5 {[%clk 0:02:47]} 50. Kxd5 {[%clk 0:19:14]} g5 {[%clk
0:03:02]} 51. Bd3 {[%clk 0:17:05]} Ke7 {[%clk 0:02:47]} 52. Kc6 {[%clk 0:14:41]}
Ke6 {[%clk 0:02:26]} 53. Bxb5 {[%clk 0:15:00]} h5 {[%clk 0:02:28]} 54. Bd3 {[%clk
0:12:45]} h4 {[%clk 0:02:31]} 55. b5 {[%clk 0:11:24]} hxg3 {[%clk 0:02:42]} 56.
hxg3 {[%clk 0:11:47]} gxf4 {[%clk 0:02:46]} 57. gxf4 {[%clk 0:12:11]} f5 {[%clk
0:03:00]} 58. b6 {[%clk 0:12:27]} Ke7 {[%clk 0:02:32]} 59. Bxf5 {[%clk 0:11:05]}
Nxf5 {[%clk 0:01:35]} 60. b7 {[%clk 0:11:33]} Nd4+ {[%clk 0:01:53]} 61. Kd5
{[%clk 0:11:52]} Ne6 {[%clk 0:01:56]} 62. b8Q {[%clk 0:11:52]} 1-0

[Event "European Club Cup"]
[Site "chess24.com"]
[Date "2018.10.18"]
[Round "7"]
[White "Ivanisevic, Ivan"]
[Black "Bauer, Christian"]
[Result "1/2-1/2"]
[Board "1"]
[WhiteElo "2583"]
[WhiteTitle "GM"]
[WhiteCountry "SRB"]
[WhiteFideId "912417"]
[WhiteEloChange "1"]
[BlackElo "2626"]
[BlackTitle "GM"]
[BlackCountry "FRA"]
[BlackFideId "603767"]
[BlackEloChange "-1"]

1. d4 {[%clk 1:30:56]} e6 {[%clk 1:30:51]} 2. c4 {[%clk 1:26:52]} Bb4+ {[%clk
1:31:09]} 3. Nd2 {[%clk 1:27:05]} Nf6 {[%clk 1:31:20]} 4. Nf3 {[%clk 1:26:13]} a5
{[%clk 1:31:40]} 5. a3 {[%clk 1:25:04]} Be7 {[%clk 1:29:10]} 6. g3 {[%clk
1:22:47]} d5 {[%clk 1:27:15]} 7. Bg2 {[%clk 1:23:01]} O-O {[%clk 1:26:56]} 8. O-O
{[%clk 1:23:23]} c6 {[%clk 1:19:58]} 9. Re1 {[%clk 1:19:54]} Ne4 {[%clk 1:02:55]}
10. Qc2 {[%clk 1:18:20]} f5 {[%clk 1:03:00]} 11. Ne5 {[%clk 1:17:20]} Nd7 {[%clk
1:00:16]} 12. Nd3 {[%clk 1:14:18]} Bf6 {[%clk 0:45:26]} 13. e3 {[%clk 1:14:01]}
Nb6 {[%clk 0:38:27]} 14. c5 {[%clk 1:07:49]} Nd7 {[%clk 0:38:44]} 15. f3 {[%clk
1:04:11]} Nxd2 {[%clk 0:38:05]} 16. Bxd2 {[%clk 1:04:34]} e5 {[%clk 0:38:05]} 17.
e4 {[%clk 1:02:25]} fxe4 {[%clk 0:28:24]} 18. fxe4 {[%clk 1:02:46]} dxe4 {[%clk
0:28:44]} 19. Bxe4 {[%clk 0:58:43]} Kh8 {[%clk 0:23:37]} 20. Bxh7 {[%clk
0:43:15]} Kxh7 {[%clk 0:15:17]} 21. dxe5 {[%clk 0:43:08]} Be7 {[%clk 0:14:36]}
22. e6 {[%clk 0:35:21]} Nf6 {[%clk 0:13:58]} 23. Nf4+ {[%clk 0:31:56]} Kg8 {[%clk
0:14:20]} 24. Ng6 {[%clk 0:28:09]} Re8 {[%clk 0:08:30]} 25. Rad1 {[%clk 0:23:39]}
Bxe6 {[%clk 0:06:25]} 26. Rxe6 {[%clk 0:14:39]} Bxc5+ {[%clk 0:06:52]} 27. Be3
{[%clk 0:15:03]} Bxe3+ {[%clk 0:07:20]} 28. Rxe3 {[%clk 0:15:24]} Rxe3 {[%clk
0:07:04]} 29. Rxd8+ {[%clk 0:15:49]} Rxd8 {[%clk 0:07:32]} 30. Qc4+ {[%clk
0:15:39]} Kh7 {[%clk 0:03:52]} 31. Qf7 {[%clk 0:14:58]} Rd2 {[%clk 0:01:31]} 32.
Nf8+ {[%clk 0:15:04]} 1/2-1/2

[Event "European Club Cup"]
[Site "chess24.com"]
[Date "2018.10.18"]
[Round "7"]
[White "Rudolf, Henrik"]
[Black "Sakalli, Selcuk Orkun"]
[Result "1-0"]
[Board "6"]
[WhiteElo "2306"]
[WhiteTitle "FM"]
[WhiteCountry "GER"]
[WhiteFideId "4622723"]
[WhiteEloChange "2"]
[BlackElo "1686"]
[BlackCountry "TUR"]
[BlackFideId "44522096"]
[BlackEloChange "-2"]

1. e4 {[%clk 1:30:57]} e5 {[%clk 1:30:15]} 2. Nf3 {[%clk 1:31:18]} Nc6 {[%clk
1:30:35]} 3. Bb5 {[%clk 1:31:41]} a6 {[%clk 1:30:54]} 4. Ba4 {[%clk 1:32:05]} Nf6
{[%clk 1:31:18]} 5. O-O {[%clk 1:32:22]} Nxe4 {[%clk 1:31:40]} 6. d4 {[%clk
1:31:50]} b5 {[%clk 1:32:02]} 7. Bb3 {[%clk 1:32:14]} d5 {[%clk 1:32:25]} 8. dxe5
{[%clk 1:30:10]} Be6 {[%clk 1:32:27]} 9. Qe2 {[%clk 1:29:33]} Be7 {[%clk
1:29:59]} 10. Rd1 {[%clk 1:19:56]} O-O {[%clk 1:22:39]} 11. c3 {[%clk 1:01:22]}
h6 {[%clk 0:48:54]} 12. Bc2 {[%clk 0:50:27]} Nc5 {[%clk 0:42:49]} 13. Nd4 {[%clk
0:35:58]} Nxd4 {[%clk 0:37:30]} 14. cxd4 {[%clk 0:36:19]} Nd7 {[%clk 0:33:57]}
15. f4 {[%clk 0:31:10]} f5 {[%clk 0:32:07]} 16. Be3 {[%clk 0:30:47]} c6 {[%clk
0:25:18]} 17. Nd2 {[%clk 0:30:08]} Nb6 {[%clk 0:21:31]} 18. b3 {[%clk 0:25:54]}
a5 {[%clk 0:21:04]} 19. Bd3 {[%clk 0:17:34]} Ba3 {[%clk 0:19:47]} 20. Nf1 {[%clk
0:17:45]} a4 {[%clk 0:18:41]} 21. Qc2 {[%clk 0:17:30]} Qd7 {[%clk 0:17:19]} 22.
g4 {[%clk 0:17:18]} g6 {[%clk 0:16:40]} 23. Ng3 {[%clk 0:17:17]} Rf7 {[%clk
0:16:12]} 24. Kh1 {[%clk 0:15:35]} Kh8 {[%clk 0:08:52]} 25. Rg1 {[%clk 0:10:04]}
c5 {[%clk 0:07:29]} 26. gxf5 {[%clk 0:09:34]} gxf5 {[%clk 0:07:43]} 27. Qe2
{[%clk 0:06:32]} c4 {[%clk 0:07:47]} 28. Bc2 {[%clk 0:06:52]} Bb2 {[%clk
0:06:46]} 29. Rab1 {[%clk 0:06:36]} axb3 {[%clk 0:06:38]} 30. axb3 {[%clk
0:06:55]} Ra2 {[%clk 0:05:28]} 31. Nh5 {[%clk 0:05:30]} Ba3 {[%clk 0:04:52]} 32.
Rg6 {[%clk 0:03:59]} Kh7 {[%clk 0:03:50]} 33. Nf6+ {[%clk 0:03:02]} Rxf6 {[%clk
0:03:50]} 34. Rxf6 {[%clk 0:03:27]} Be7 {[%clk 0:04:16]} 35. Rxe6 {[%clk
0:03:27]} Qxe6 {[%clk 0:04:36]} 36. Qd1 {[%clk 0:01:41]} Qg6 {[%clk 0:04:03]} 37.
Ra1 {[%clk 0:00:46]} cxb3 {[%clk 0:03:42]} 38. Rxa2 {[%clk 0:01:10]} bxa2 {[%clk
0:04:00]} 39. Bb3 {[%clk 0:01:19]} Nc4 {[%clk 0:04:13]} 40. Bf2 {[%clk 0:31:32]}
Qa6 {[%clk 0:32:38]} 41. Qa1 {[%clk 0:31:06]} b4 {[%clk 0:14:48]} 42. Qxa2 {[%clk
0:23:38]} Qxa2 {[%clk 0:14:20]} 43. Bxa2 {[%clk 0:24:03]} Nd2 {[%clk 0:09:28]}
44. Bxd5 {[%clk 0:14:53]} b3 {[%clk 0:09:42]} 45. Be1 {[%clk 0:15:08]} b2 {[%clk
0:09:29]} 46. Ba2 {[%clk 0:15:33]} b1Q {[%clk 0:09:27]} 47. Bxb1 {[%clk 0:15:54]}
Nxb1 {[%clk 0:09:52]} 48. d5 {[%clk 0:16:19]} Bc5 {[%clk 0:03:35]} 49. d6 {[%clk
0:16:34]} Kg6 {[%clk 0:03:23]} 50. Ba5 {[%clk 0:09:11]} Kf7 {[%clk 0:01:14]} 51.
d7 {[%clk 0:09:33]} Be7 {[%clk 0:01:26]} 52. d8Q {[%clk 0:09:55]} Bxd8 {[%clk
0:01:50]} 53. Bxd8 {[%clk 0:10:20]} Nc3 {[%clk 0:01:14]} 54. Ba5 {[%clk 0:08:55]}
Nd5 {[%clk 0:00:41]} 55. Bd2 {[%clk 0:09:20]} Kg6 {[%clk 0:00:44]} 56. Kg2 {[%clk
0:09:34]} Ne7 {[%clk 0:00:41]} 57. Kf3 {[%clk 0:08:21]} Kf7 {[%clk 0:00:49]} 58.
Kg3 {[%clk 0:07:18]} Ng6 {[%clk 0:01:01]} 59. Ba5 {[%clk 0:05:45]} Ke6 {[%clk
0:01:10]} 60. Bd8 {[%clk 0:05:27]} Kf7 {[%clk 0:01:10]} 61. Bf6 {[%clk 0:05:42]}
Ke6 {[%clk 0:01:06]} 62. Bg7 {[%clk 0:05:35]} h5 {[%clk 0:01:19]} 63. Bf6 {[%clk
0:05:47]} Kf7 {[%clk 0:01:28]} 64. Kf3 {[%clk 0:05:29]} Ke6 {[%clk 0:01:41]} 65.
Bg5 {[%clk 0:05:39]} Kd5 {[%clk 0:01:27]} 66. Ke3 {[%clk 0:05:32]} Nf8 {[%clk
0:01:31]} 67. Bh6 {[%clk 0:05:37]} Ng6 {[%clk 0:01:18]} 68. Bg5 {[%clk 0:04:59]}
Nf8 {[%clk 0:01:32]} 69. Kd3 {[%clk 0:05:13]} Ne6 {[%clk 0:01:06]} 70. Bh6 {[%clk
0:05:28]} Kc5 {[%clk 0:00:37]} 71. Ke3 {[%clk 0:05:38]} Kd5 {[%clk 0:00:33]} 72.
Kf3 {[%clk 0:05:49]} h4 {[%clk 0:00:35]} 73. Kg2 {[%clk 0:05:58]} Nd8 {[%clk
0:00:36]} 74. Kh3 {[%clk 0:06:00]} Nf7 {[%clk 0:00:35]} 75. Bg7 {[%clk 0:04:04]}
Ke4 {[%clk 0:00:41]} 76. e6 {[%clk 0:02:45]} Nd6 {[%clk 0:00:55]} 77. Bh6 {[%clk
0:01:42]} Kd5 {[%clk 0:00:36]} 78. e7 {[%clk 0:02:04]} Ke6 {[%clk 0:00:57]} 79.
Bg5 {[%clk 0:02:21]} Kf7 {[%clk 0:01:15]} 80. Kxh4 {[%clk 0:02:40]} Kg6 {[%clk
0:01:03]} 81. Kg3 {[%clk 0:02:47]} Kh5 {[%clk 0:00:55]} 82. Kf3 {[%clk 0:02:58]}
Kg6 {[%clk 0:01:05]} 83. Ke3 {[%clk 0:03:15]} Kf7 {[%clk 0:01:00]} 84. Kd4 {[%clk
0:03:23]} Ke6 {[%clk 0:01:18]} 85. h4 {[%clk 0:03:32]} Ne8 {[%clk 0:00:35]} 86.
h5 {[%clk 0:03:38]} Kf7 {[%clk 0:00:33]} 87. Ke5 {[%clk 0:03:45]} Ng7 {[%clk
0:00:50]} 88. h6 {[%clk 0:04:08]} Nh5 {[%clk 0:00:40]} 89. h7 {[%clk 0:04:21]}
1-0

[Event "European Club Cup"]
[Site "chess24.com"]
[Date "2018.10.18"]
[Round "7"]
[White "Jessen, Alexander"]
[Black "Kathstede, Gerd, Dr."]
[Result "1/2-1/2"]
[Board "6"]
[WhiteElo "2060"]
[WhiteCountry "DEN"]
[WhiteFideId "1437917"]
[WhiteEloChange "-1"]
[BlackElo "2008"]
[BlackCountry "GER"]
[BlackFideId "4662199"]
[BlackEloChange "1"]

1. d4 {[%clk 1:30:58]} Nf6 {[%clk 1:30:56]} 2. c4 {[%clk 1:31:23]} e6 {[%clk
1:31:23]} 3. Nc3 {[%clk 1:31:48]} Bb4 {[%clk 1:31:49]} 4. e3 {[%clk 1:32:11]} O-O
{[%clk 1:32:14]} 5. Bd3 {[%clk 1:32:37]} d5 {[%clk 1:31:56]} 6. Ne2 {[%clk
1:31:57]} c5 {[%clk 1:32:17]} 7. cxd5 {[%clk 1:32:07]} cxd4 {[%clk 1:32:14]} 8.
exd4 {[%clk 1:32:06]} Nxd5 {[%clk 1:32:26]} 9. O-O {[%clk 1:32:03]} Nc6 {[%clk
1:30:08]} 10. Bc2 {[%clk 1:26:47]} Be7 {[%clk 1:24:57]} 11. Qd3 {[%clk 1:13:20]}
g6 {[%clk 1:25:18]} 12. a3 {[%clk 1:12:14]} b6 {[%clk 1:23:43]} 13. Rd1 {[%clk
1:03:03]} Bf6 {[%clk 1:13:00]} 14. Nxd5 {[%clk 1:00:22]} Qxd5 {[%clk 1:08:35]}
15. Nc3 {[%clk 0:49:12]} Qh5 {[%clk 0:52:50]} 16. d5 {[%clk 0:40:41]} exd5 {[%clk
0:40:17]} 17. Nxd5 {[%clk 0:39:45]} Bg7 {[%clk 0:36:49]} 18. Ba4 {[%clk 0:18:24]}
Ne5 {[%clk 0:28:10]} 19. Qe4 {[%clk 0:15:01]} Bg4 {[%clk 0:23:10]} 20. Nf4 {[%clk
0:10:15]} Qh4 {[%clk 0:19:10]} 21. Rd4 {[%clk 0:06:23]} Bf5 {[%clk 0:16:06]} 22.
Qd5 {[%clk 0:02:51]} Ng4 {[%clk 0:15:25]} 23. Nh3 {[%clk 0:02:33]} Bxd4 {[%clk
0:12:46]} 24. Qxd4 {[%clk 0:02:59]} Rfd8 {[%clk 0:12:21]} 25. Qb4 {[%clk
0:02:45]} a5 {[%clk 0:03:13]} 26. Qxb6 {[%clk 0:02:31]} Nxf2 {[%clk 0:03:28]} 27.
Nxf2 {[%clk 0:02:04]} Qxa4 {[%clk 0:03:53]} 28. Bg5 {[%clk 0:02:02]} Rd7 {[%clk
0:02:48]} 29. Bf6 {[%clk 0:02:18]} Qf4 {[%clk 0:01:20]} 30. Qc6 {[%clk 0:01:42]}
Re8 {[%clk 0:01:19]} 31. Rf1 {[%clk 0:01:09]} 1/2-1/2

[Event "European Club Cup"]
[Site "chess24.com"]
[Date "2018.10.18"]
[Round "7"]
[White "Matovic, Mihajlo Z"]
[Black "Issakainen, Ari"]
[Result "0-1"]
[Board "3"]
[WhiteElo "2234"]
[WhiteCountry "SRB"]
[WhiteFideId "955078"]
[WhiteEloChange "-11"]
[BlackElo "2185"]
[BlackCountry "FIN"]
[BlackFideId "500330"]
[BlackEloChange "11"]

1. e4 {[%clk 1:30:59]} c5 {[%clk 1:30:32]} 2. Nf3 {[%clk 1:31:26]} e6 {[%clk
1:30:31]} 3. d4 {[%clk 1:31:52]} cxd4 {[%clk 1:30:55]} 4. Nxd4 {[%clk 1:32:20]}
a6 {[%clk 1:30:50]} 5. Bd3 {[%clk 1:32:46]} Nf6 {[%clk 1:30:37]} 6. O-O {[%clk
1:33:10]} Qc7 {[%clk 1:30:24]} 7. Qe2 {[%clk 1:33:04]} d6 {[%clk 1:30:32]} 8. c4
{[%clk 1:33:13]} Nbd7 {[%clk 1:30:17]} 9. Nc3 {[%clk 1:28:59]} Ne5 {[%clk
1:30:09]} 10. Kh1 {[%clk 1:26:54]} Bd7 {[%clk 1:27:23]} 11. Bd2 {[%clk 1:20:59]}
g6 {[%clk 1:22:22]} 12. f4 {[%clk 1:20:37]} Nxd3 {[%clk 1:22:37]} 13. Qxd3 {[%clk
1:21:03]} Bg7 {[%clk 1:22:21]} 14. f5 {[%clk 1:19:16]} O-O {[%clk 1:16:44]} 15.
Bg5 {[%clk 1:14:52]} Rac8 {[%clk 1:13:10]} 16. Nf3 {[%clk 1:07:00]} exf5 {[%clk
1:06:46]} 17. e5 {[%clk 0:52:22]} Ne4 {[%clk 0:45:59]} 18. Nd5 {[%clk 0:47:01]}
Qxc4 {[%clk 0:45:52]} 19. Qxc4 {[%clk 0:46:51]} Rxc4 {[%clk 0:46:17]} 20. Nb6
{[%clk 0:47:18]} Nxg5 {[%clk 0:38:36]} 21. Nxg5 {[%clk 0:44:23]} Rc7 {[%clk
0:26:05]} 22. exd6 {[%clk 0:43:54]} Rc6 {[%clk 0:26:32]} 23. Nxd7 {[%clk
0:40:59]} Rd8 {[%clk 0:26:50]} 24. Rae1 {[%clk 0:40:46]} h6 {[%clk 0:23:52]} 25.
Nxf7 {[%clk 0:32:02]} Rxd7 {[%clk 0:23:32]} 26. Ne5 {[%clk 0:32:27]} Bxe5 {[%clk
0:23:49]} 27. Rxe5 {[%clk 0:32:56]} Rcxd6 {[%clk 0:23:59]} 28. Rfe1 {[%clk
0:30:45]} Rd2 {[%clk 0:23:23]} 29. Re6 {[%clk 0:31:03]} Kf7 {[%clk 0:23:32]} 30.
Rb6 {[%clk 0:29:53]} Rd1 {[%clk 0:20:55]} 31. Re6 {[%clk 0:30:18]} R7d2 {[%clk
0:20:48]} 32. Re7+ {[%clk 0:30:20]} Kf6 {[%clk 0:21:19]} 33. Re6+ {[%clk
0:30:13]} Kg5 {[%clk 0:21:41]} 0-1